| 000 | 04475nam a22003137i 4500 | ||
|---|---|---|---|
| 001 | TCPA 37 | ||
| 003 | gtcocun | ||
| 005 | 20250911210911.0 | ||
| 006 | a||||gr|||| 00| 0 | ||
| 008 | 250911b2016 gt ||||| m||| 00| 0 eng d | ||
| 040 |
_agtcocun _bSPA _cgtcocun _eRDA |
||
| 041 | _aSPA | ||
| 084 | _0TCPA 37 | ||
| 100 |
_aMendez Molina, José Williams _eAutor |
||
| 245 |
_aInforme final del Ejercicio Profesional Supervisado, realizado en Asociación Bautista Kekchi de Desarrollo Cultural, Cobán, Alta Verapaz/ _cJosé Williams Mendez Molina _hImpreso |
||
| 264 |
_aCobán, Alta Verapaz: _bUniversidad de San Carlos de Guatemala, Centro Universitario del Norte, Licenciatura en Contaduría Pública y Auditoría. _c2016 |
||
| 300 |
_a54 p.: _bIlustraciones, gráficas. _c28 cm; |
||
| 336 |
_2rdacontenido _aTexto _btxt |
||
| 337 |
_2rdamedio _aComputadora _bn |
||
| 338 |
_2rdasoporte _aCódigo en línea _bcr |
||
| 502 | _e. | ||
| 502 |
_aTesis de grado _bLicenciatura en Contaduría Pública y Auditoría. _cUniversidad de San Carlos de Guatemala, Centro Universitario del Norte, Licenciatura en Contaduría Pública y Auditoría. _d2016 _oTCPA 37 |
||
| 520 | 1 | 4 | _aComo parte final del cierre académico se realizó el Ejercicio Profesional Supervisado (EPS), dando como resultado la realización del presente informe, el cual representa el cumplimiento de una planificación para dicha práctica. La práctica se realizó en la Asociación Bautista Kekchi de Desarrollo Cultural, una entidad no lucrativa, ubicada en el municipio de Cobán, Alta Verapaz, su fin principal es el apoyo a las personas de escasos recursos de las comunidades más postergadas de la región de Alta Verapaz, a través de programas de desarrollo. El EPS, se divide en cuatro etapas, que se describen a continuación: el diagnóstico, consistió en una evaluación general de la unidad de práctica, para obtener un mejor panorama del funcionamiento y así identificar las situaciones más relevantes, obteniendo con ello la problemática y obligaciones a corto plazo en las diferentes áreas de operación financiera, clasificando las intervenciones de acuerdo a la viabilidad, importancia e impacto económico. Siendo las siguientes: Incumplimiento en el cierre y liquidación de los proyectos del Ministerio de Salud Pública y Asistencia Social (MSPAS), registros contables no actualizados de la ejecución de los proyectos para el año 2015 y no hay uniformidad en el control y registro de la información financiera. En la planificación, se ordenaron y analizaron una serie de procedimientos, para el cumplimiento de los objetivos del ejercicio profesional supervisado, con el fin de mejorar la operatividad y minimizar el riesgo de contingencias legales de la entidad. La ejecución, llevo a cabo todas las actividades programadas dentro de la unidad de práctica, para obtener los resultados esperados. En la primera intervención se dio cumplimiento a cada uno de los convenios, realizando el cierre en tres fases, siendo el proceso de entrega de bienes, medicamentos e insumos y la integración de los ingresos y egresos. En la segunda intervención se operó toda la información financiera generada a través de las ejecuciones presupuestarias e ingresos según los recibos correspondientes, actualizando los libros contables del año 2015, para finalizar en la elaboración de los estados financieros por convenio. En la tercera intervención se elaboró un manual de normas, políticas y procedimientos contables, que permitirá a los operadores de las actividades contables tener una herramienta descriptiva e ilustrativa por los flujogramas, permitiendo cumplir con la normativa legal vigente para las operaciones financieras de las entidades no lucrativas. La etapa del informe final, consistió en la descripción de los resultados obtenidos en la etapa de ejecución, para luego realizar las recomendaciones de cada intervension y las posibles soluciones, para dar por finalizada la práctica a través de la presentación. |
| 650 | 1 | 4 |
_2LEMB _aCobán, Alta Verapaz _xliquidacion de proyectos _xestados financieros _xnormas _xpoliticas _xprocedimientos contables |
| 700 |
_aLic. Carlos Abraham Sierra Alvarado _eAsesor |
||
| 856 |
_uhttps://drive.google.com/file/d/1bTrXYUrcQ_CFVUPRPLPrMUM01gmi1lbR/view?usp=sharing _yPDF _zUn ejemplar en línea. |
||
| 942 |
_2ddc _cTES _iTCPA_37 _kClasificación _n0 _6TCPA__37 |
||
| 999 |
_c1809 _d1809 |
||